| 000 | 00610nam a2200241Ia 4500 | ||
|---|---|---|---|
| 003 | OSt | ||
| 005 | 20221005130511.0 | ||
| 006 | a|||||r|||| 00| 0 | ||
| 007 | ta | ||
| 008 | 221004b |||||||| |||| 00| 0 san d | ||
| 024 | _a50616 | ||
| 037 | _cTextual | ||
| 040 |
_aCRL _cCRL _bsan |
||
| 041 |
_2san _asan |
||
| 082 | _aQ11:21k, 15J1 | ||
| 100 | _aSontakke N S Ed. | ||
| 245 | 0 | _aRgveda-samhita | |
| 260 | _c1951 | ||
| 650 | _aRELIGION | ||
| 700 |
_a Kashikar C G Ed. _9156254 |
||
| 942 |
_hQ11:21k, 15J1 _cTEXL _2cc |
||
| 999 |
_c1057460 _d1057460 |
||